The social partners face the problems of productivity and employment

Đã lưu trong:
书目详细资料
主要作者: Delamotte, Yves
格式: 图书
语言:Undetermined
出版: Paris O. E.C. D., Inc. 1971
主题:
标签: 添加标签
没有标签, 成为第一个标记此记录!
Thư viện lưu trữ: Trung tâm Học liệu Trường Đại học Cần Thơ
LEADER 00530nam a2200169Ia 4500
001 CTU_79213
008 210402s9999 xx 000 0 und d
082 |a 331.89 
082 |b D336 
100 |a Delamotte, Yves 
245 4 |a The social partners face the problems of productivity and employment 
245 0 |c Yves Delamotte 
260 |a Paris 
260 |b O. E.C. D., Inc. 
260 |c 1971 
650 |a Comparative industrial relations,Wages and labor productivity 
980 |a Trung tâm Học liệu Trường Đại học Cần Thơ